Author & Character Matchmaker Quiz Stats

 Plays Quiz Updated Apr 25, 2018

     
Support Sporcle.
Go Orange.
Score 0/36 Timer 07:00
5 Plays Today
% Correct
Mark Twain
89.8%
J. K. Rowling
89%
J. R. R. Tolkien
88.7%
Arthur Conan Doyle
87.6%
Roald Dahl
84.3%
Bram Stoker
84.2%
George Orwell
83.9%
Jane Austen
83.6%
Charles Dickens
82.8%
Harper Lee
82.2%
Ian Fleming
81.8%
C. S. Lewis
77.7%
A. A. Milne
77.5%
Lewis Carroll
77.4%
Herman Melville
75.1%
Suzanne Collins
75.1%
Hans Christian Andersen
75%
J. D. Salinger
73.8%
% Correct
Rudyard Kipling
71.2%
Mario Puzo
69.4%
J. M. Barrie
69.3%
L. Frank Baum
69.2%
Victor Hugo
68.7%
Margaret Mitchell
67.4%
Jules Verne
65.7%
Alexandre Dumas
65.3%
Nathaniel Hawthorne
63%
E. B. White
58.2%
Robert Louis Stevenson
55.7%
John Steinbeck
55%
Stephen King
52.8%
Edgar Rice Burroughs
51.6%
Thomas Harris
50.1%
Dashiell Hammett
46.3%
Kenneth Grahame
42.5%
Charles Perrault
34.3%

From the Vault

31 Flavors of Science

by dumbgai

Science 6m
Sporcleology: the study of trivia.
Remove Ads.
Support Sporcle.
Get the best of Sporcle when you Go Orange. This ad-free experience offers more features, more stats, and more fun while also helping to support Sporcle. Thank you for becoming a member.

Show Comments

Extras

Top Quizzes Today


Score Distribution

Your Account Isn't Verified!

In order to create a playlist on Sporcle, you need to verify the email address you used during registration. Go to your Sporcle Settings to finish the process.

Report this User

Report this user for behavior that violates our Community Guidelines.

Details: